| 000 | 00475 a2200145 4500 | ||
|---|---|---|---|
| 245 |
_aBecoming Zimbabwe _b : a history from the pre-colonial period to 2008 _hprint |
||
| 020 | _a9781779220837 | ||
| 100 | _aMlambo Alois | ||
| 100 | _aRaftopoulos B | ||
| 650 | _aHistory | ||
| 005 | 20191017172640.0 | ||
| 260 |
_arh _bWeaver Press _c2009 |
||
| 084 | _aDT2925 .B45 2009 | ||
| 300 |
_axxxiv, 260 p. : ill. _b 23 cm. _cxxxiv, 260 p. : ill. ; 23 cm. |
||
| 500 | _aedited by Brian Raftopoulos and A. S. Mlambo. | ||
| 999 |
_c9177 _d9177 |
||